Jurisprudencia violencia intrafamiliar.
Αποθηκεύτηκε σε:
| Κύριος συγγραφέας: | |
|---|---|
| Μορφή: | Άγνωστο |
| Γλώσσα: | Ισπανικά |
| Έκδοση: |
Santiago, Chile:
Thomson Reuters,
2024.
|
| Έκδοση: | Tercera edición actualizada |
| Θέματα: | |
| Ετικέτες: |
Προσθήκη ετικέτας
Δεν υπάρχουν, Καταχωρήστε ετικέτα πρώτοι!
|
MARC
| LEADER | 00000 a2200000 4500 | ||
|---|---|---|---|
| 003 | CL-VaPUC | ||
| 005 | 20250129122029.0 | ||
| 008 | 250117t2024 ||||| |||| 00| 0 spa d | ||
| 999 | |c 446556 |d 446554 | ||
| 020 | |a 978-956-400-588-1 | ||
| 040 | |c Pontificia Universidad Católica de Valparaíso | ||
| 082 | |2 22 |a 345.83025553 BAR 2024 | ||
| 100 | |a Barrera Miranda, Verónica |9 884668 |e editora | ||
| 245 | |a Jurisprudencia violencia intrafamiliar. | ||
| 250 | |a Tercera edición actualizada | ||
| 260 | |a Santiago, Chile: |b Thomson Reuters, |c 2024. | ||
| 300 | |a iv, 467 páginas. | ||
| 583 | |k Cristina María Rojas Aguilar |c 20250117 | ||
| 650 | 0 | |9 312986 |a Violencia intrafamiliar |v Jurisprudencia |z Chile | |
| 650 | 0 | |9 312986 |a Violencia intrafamiliar |x Tribunales de justicia |z Chile | |
| 650 | 0 | |9 11 |a Derecho penal |x Maltrato conyugal |z Chile | |
| 942 | |2 ddc |c BK | ||
| 952 | |0 0 |1 0 |2 ddc |4 0 |6 345_830255530000000_BAR_2024 |7 0 |8 A |9 599390 |a BIBDER |b BIBDER |d 2025-01-15 |e 31 |g 0.00 |i 5664381 |o 345.83025553 BAR 2024 |p 5664381 |r 2025-01-15 |t 1 |v 0.00 |w 2025-01-15 |y BK |k DER | ||